Cameron Whitcomb - All songs - Statistics

General Stats
  • This quiz has been taken 9 times
  • The average score is 17 of 24
Answer Stats
Answer % Correct
Gasoline & Matches
100%
Hundred Mile High
100%
Medusa
100%
Options
100%
Quitter
100%
The Hard Way
100%
Bad Apple
86%
Fragile
86%
Love Myself
86%
Rocking Chair
86%
Shoot Me Dead
86%
Flower Tattoos
71%
The Devil I've Seen
71%
Wreckage
71%
As I Stand Before The Coffin
57%
By My Own Hand
57%
Call For You
57%
Digging Holes
57%
Holiday
57%
Lose Me
43%
Pretty Little
43%
Fragile Ego (Interlude)
29%
Polly (Interlude)
29%
Missed Calls (Interlude)
14%
No matching quizzes found
Score Distribution
Percent of People with Each Score
Percentile by Number Answered
Your Score History
You have not taken this quiz